|
|
|
|
| LEADER |
01251nam a22002417a 4500 |
| 001 |
40166 |
| 003 |
BD-DhAAL |
| 008 |
221215r20011993ii ||||| d||| 00| 0 ben d |
| 999 |
|
|
|c 45198
|d 45198
|
| 040 |
|
|
|a BD-DhAAL
|c BD-DhAAL
|
| 041 |
|
|
|a ben
|
| 082 |
|
|
|a 501.4
|
| 245 |
|
|
|a সংসদ বিজ্ঞান পরিভাষা,
|n দ্বিতীয় সংস্করণ /
|c সংকলক, গোলোকেন্দু ঘোষ
|
| 246 |
|
|
|a Samsad nijnan paribhasa (a dictionary of scientific terminology)
|
| 260 |
|
|
|a কলকাতা :
|b সাহিত্য সংসদ,
|c ১৯৯৩ [পরিমার্জিত ও পরিবর্ধিত সংস্করণ ২০০১].
|
| 300 |
|
|
|a [চব্বিশ], ৪২৮ পৃষ্ঠা ;
|c ২২ সে.মি.
|
| 541 |
|
|
|a Donated By Akbar Ali Khan
|e 40166
|
| 650 |
|
|
|a Science
|v Terminology.
|9 52975
|
| 650 |
|
|
|a Science
|v Dictionaries.
|9 52976
|
| 700 |
|
|
|a ঘোষ, গোলোকেন্দু
|9 52977
|
| 852 |
|
|
|a Ayesha Abed Library
|c Akbar Ali Khan Collection
|
| 942 |
|
|
|2 ddc
|c BK
|
| 952 |
|
|
|0 0
|1 0
|2 ddc
|4 0
|6 501_400000000000000_SAM
|7 1
|9 72512
|a BRACUL
|b BRACUL
|c AAKC
|d 2022-12-15
|e Donated by Akbar Ali Khan
|g 100.00
|l 0
|o 501.4 SAM
|p 3010040166
|r 2022-12-15
|t 1
|w 2022-12-15
|y BK
|